Research Methods for Business Students (Record no. 2978)

MARC details
005 - DATE AND TIME OF LATEST TRANSACTION
control field 20250602093106.0
020 ## - INTERNATIONAL STANDARD BOOK NUMBER
International Standard Book Number 978-1-292-20878-7
100 ## - MAIN ENTRY--PERSONAL NAME
Author name SAUNDERS, M.N.K
245 ## - TITLE STATEMENT
Title Research Methods for Business Students
250 ## - EDITION STATEMENT
Edition statement 8th Ed.
260 ## - PUBLICATION, DISTRIBUTION, ETC.
Place of publication, distribution, etc. Harlow
Name of publisher, distributor, etc. Pearson Education Limited
Date of publication, distribution, etc. 2019
300 ## - PHYSICAL DESCRIPTION
Extent xxxiii, 833p.: ill; graphs, pictures, tables
Other physical details Glossary & Index
Dimensions 26.5 cm
942 ## - ADDED ENTRY ELEMENTS (KOHA)
Source of classification or shelving scheme Dewey Decimal Classification
Koha item type Books
Holdings
Date last seen Total checkouts Full call number Barcode Cost, replacement price Price effective from Koha item type Lost status Source of classification or shelving scheme Damaged status Not for loan Withdrawn status Home library Current library Shelving location Date acquired Cost, normal purchase price
06/02/2025   650.072 SAU MBY000141 240000.00 06/02/2025 Books   Dewey Decimal Classification       CBE MBEYA CBE MBEYA Special Reserve Collection 06/22/2022 80000.00
06/28/2025   650.072 SAU MBY000898 240000.00 06/02/2025 Books   Dewey Decimal Classification       CBE MBEYA CBE MBEYA General Collection 06/22/2022 80000.00